Human rights and democracy : the role of the Supreme Constitutional Court of Egypt /

محفوظ في:

المؤلف الرئيسي: Boyle, Kevin (مؤلف)

مؤلفون آخرون: Sharīf, ʿĀdil ʿUmar.

التنسيق: كتاب

اللغة: English

سلاسل: CIMEL book series ; 3.

الموضوعات:

الوسوم: إضافة وسم

لا توجد وسوم, كن أول من يضع وسما على هذه التسجيلة!

رقم الطلب: KRM2620 .H86 1996

LEADER 01088namaa2200301 4500
001 21524
003 OSt
005 20210912103509.0
008 130303s1996 ne a g 000 0 eng d
952 |0 0  |1 0  |2 lcc  |4 0  |6 KRM2620 H86 01996  |7 1  |9 18651  |a ARCE  |b ARCE  |d 2021-09-12  |l 0  |o KRM2620 .H86 1996  |p 1000829  |r 2021-09-12 00:00:00  |w 2021-09-12  |y BK 
999 |c 21771  |d 21771 
010 |a 96041626 
020 |a 9041102884 
040 |c ARCE Library 
043 |a f-ua--- 
050 0 4 |a KRM2620 .H86 1996 
100 1 |a Boyle, Kevin  |q (C. Kevin),  |e author 
245 1 0 |a Human rights and democracy :  |b the role of the Supreme Constitutional Court of Egypt /  |c edited by Kevin Boyle, Adel Omar Sherif. 
264 1 |a The Hague ;  |a Boston :  |b Kluwer Law International,  |c 1996. 
300 |a 370 pages :  |b illustrations ;  |c 24 cm. 
490 1 |a CIMEL book series ;   |v 3. 
610 1 0 |a Egypt.  |b Maḥkamah al-ʻUlyā. 
650 0 |a Constitutional courts  |z Egypt. 
650 0 |a Constitutional law  |z Egypt. 
700 1 |a Sharīf, ʿĀdil ʿUmar. 
830 0 |a CIMEL book series ;   |v 3. 
901 |a reviewed 
942 |c BK  |2 lcc